000 00510nam a2200181Ia 4500
005 20250508162409.0
008 008 250505s9999 xx 000 0 eng d
037 _aTextual
040 _aFEDL
_beng
_cFEDL
041 _aeng
_2eng
084 _a294.5, DAN
_qFEDL
100 _aDandekar R. N.
245 0 _aVedic mythological tracts
260 _aDelhi, India
_bS. Balwant for Ajanta Publications (India)
_c1979
300 _a383p.
942 _cTEXL
_h294.5, DAN
999 _c1376289
_d1376289